00758nam a2200193 i 450000100060000000300090000600500170001500700030003200800410003510000290007624501580010526000570026330000280032065000220034870000290037085200250039999900170042495201230044164929ES-MaACL20230906165246.0t|040107s1906 fr ||||1| fre d1 aFournier, Alfred.95197310aTraité de la syphilis / cpar le Professeur Alfred Fournier ; rédigé d'après l'enseignement de l'Hôpital Saint-Louis par le Dr Edmond Fournier. aParis : bJ. Rueff, c1906 (eCorbeil : fCrété) a2 t. en 4 v. ; c25 cm.04aSífilis.9170921 aFournier, Edmond.951977 aES-MaACLjB-12096-99 c64929d64929 00104070aATENEOMbATENEOMcSPBd2008-01-17eSCl0oB-12096-99p1068032r2023-02-23 00:00:00w2023-02-23yMONOGRAFIA